Métrologie - Statistiques

Statistiques générales
  • Ce quiz a été pris 147 fois
  • Le résultat moyen est 15 sur 21
Statistiques - réponses
Grandeurs Unité % Correct
Temps Seconde
97%
Intensité de courant électrique Ampère
94%
Longueur Mètre
94%
Masse Kilogramme
87%
Quantité de matière Mole
84%
Intensité de courant électrique A
81%
Température thermodynamique Kelvin
81%
Masse kg
81%
Longueur m
81%
Temps s
77%
Température thermodynamique K
74%
Quantité de matière mol
74%
Temps T
74%
Longueur L
71%
Masse M
71%
Intensité de courant électrique I
68%
Quantité de matière N
61%
Intensité lumineuse Candela
52%
Intensité lumineuse cd
48%
Intensité lumineuse J
45%
Température thermodynamique O
42%
Aucun quiz correspondant
Distribution des résultats
% des personnes avec chaque résultat
Percentile par nombre de réponses
Votre historique - résultats
Vous n’avez pas pris ce quiz